Colors by picture - Statistics

General Stats
  • This quiz has been taken 179 times
  • The average score is 8 of 11
Answer Stats
Picture Answer % Correct
Blue
100%
Yellow
92%
Orange
90%
Green
86%
Red
81%
Black
75%
Gray
62%
White
56%
Pink
47%
Brown
40%
Purple
32%
No matching quizzes found
Score Distribution
Percent of People with Each Score
Percentile by Number Answered
Your Score History
You have not taken this quiz